Sleep Token - Jaws (All lyrics) - Statistics

General Stats
  • This quiz has been taken 60 times
  • The average score is 234 of 276
Answer Stats
Lyrics % Correct
jaws,
100%
me,
100%
me
100%
pretty
100%
Show
100%
show
100%
those
100%
white
100%
a
97%
I
97%
I,
97%
the
97%
The
97%
where
97%
you
97%
your
94%
and
92%
And
92%
it
92%
delicate
89%
lost,
89%
love
89%
love,
89%
stops
89%
why
89%
to
86%
what
86%
you've
86%
always
83%
got,
83%
eyes
81%
Oh
81%
oh
81%
(oh)?
81%
Oh,
81%
(oh)
81%
slow
81%
taking
81%
of
78%
you're
78%
know
75%
under
75%
be
72%
I'm
72%
it's
72%
wounds
72%
for
69%
here
69%
not
69%
one
69%
Stand
69%
with
69%
across
67%
don't
67%
room
67%
are
64%
Are
64%
As
64%
burn
64%
door,
64%
from
64%
long
64%
Only
64%
predator
64%
saviour
64%
watching
64%
move
61%
whites
61%
will
61%
stained-glass
58%
towards
58%
We
56%
Caged
44%
believe
36%
left
36%
locked
36%
prey
36%
provoked
36%
unattended,
33%
By
28%
oh-oh?
22%
ooh
19%
(oh-ah,
14%
oh-ah)
14%
No matching quizzes found
Score Distribution
Percent of People with Each Score
Percentile by Number Answered
Your Score History
You have not taken this quiz